00642nam a2200205 a 450000100060000000300080000600500170001400800410003102000240007203500190009604000270011504100080014208200240015024501130017426000610028730000210034865000210036970000220039070000240041257689BD-RjUL20211209080537.0161211s1976 cau 000 0 eng  a0876208758 :c$6.95 a(BD-RjUL)57813 aDLCcDLCdBD-RjULbeng aeng00a361.1223bSOL 197600aSolving social problems :bessays in relevant sociology /cedited by Marcello Truzzi and Philip B. Springer. aCalifornia :bGoodyear Publishing Company, Inc.,cc1976. a347 p. ;c23 cm. 0aSocial problems.1 aTruzzi, Marcello.1 aSpringer, Philip B.